000 00607nam a22002297a 4500
003 OSt
005 20220107122812.0
008 160511b xxu||||| |||| 00| 0 eng d
020 _a9781119092063
040 _cIIITMK
082 _a005.432L BRE/L
100 _aBresnahan, Christine
_99349
245 _aLinux:
_bEssentials
_cChristine Bresnahan et. al.
250 _a2
260 _aIndiana,
_bJohn Wiley & Sons,
_c2015.
300 _axvii, 342p.
650 _aCOMPUTER SCIENCE
_99350
650 _aOPERATING SYSTEMS
_99351
650 _aLINUX
_99352
700 _aBlum, Richard
_99353
942 _2ddc
_cBK
999 _c5143
_d5143